Porovnanie príjmovej nerovnosti v regiónoch Slovenskej republiky
Charakterizovanie príjmovej nerovnosti v regiónoch Slovenskej republiky a rozdiely v životnej úrovni jednotlivcov z ekonomického pohľadu. Relatívna miera nerovnosti podľa krajov, skupín a porovnanie medzi sub-populáciami.
Salvato in:
| Autore principale: | |
|---|---|
| Altri autori: | |
| Natura: | Capitolo di libro |
| Lingua: | slovacco |
| Soggetti: | |
| Tags: |
Nessun Tag, puoi essere il primo ad aggiungerne!!
|
MARC
| LEADER | 00000nla a2200000 4500 | ||
|---|---|---|---|
| 001 | 0194942 | ||
| 005 | 20240502073252.5 | ||
| 041 | 0 | |a slo | |
| 044 | |a SK | ||
| 245 | 1 | 0 | |a Porovnanie príjmovej nerovnosti v regiónoch Slovenskej republiky |c Ľubica Sipková, Juraj Sipko |
| 520 | |a Charakterizovanie príjmovej nerovnosti v regiónoch Slovenskej republiky a rozdiely v životnej úrovni jednotlivcov z ekonomického pohľadu. Relatívna miera nerovnosti podľa krajov, skupín a porovnanie medzi sub-populáciami. | ||
| 610 | 2 | 0 | |a príjmy obyvateľstva |
| 610 | 2 | 0 | |a úroveň životná |
| 610 | 2 | 0 | |a mzdy hrubé |
| 610 | 2 | 0 | |a platy |
| 610 | 2 | 0 | |a meranie |
| 610 | 2 | 0 | |a indexy |
| 610 | 2 | 0 | |a nerovnosť |
| 610 | 2 | 0 | |a Slovensko |
| 610 | 2 | 0 | |a regióny |
| 100 | 1 | |a Sipková, Ľubica, 1962- | |
| 700 | 1 | |a Sipko, Juraj | |